Guess the 1960s song lyrics #337 - Statistics

General Stats
  • This quiz has been taken 15 times
  • The average score is 92 of 169
Answer Stats
Answer % Correct
I
92%
the
92%
a
83%
and
83%
And
83%
where
83%
you
83%
You
83%
my
75%
of
75%
Can
67%
free
67%
friend
67%
He
67%
he's
67%
know
67%
me
67%
tell
67%
be
58%
gone
58%
him
58%
it
58%
John
58%
Martin
58%
seen
58%
they
58%
Bobby
50%
but
50%
here
50%
it's
50%
love
50%
old
50%
one
50%
that
50%
to
50%
we'll
50%
Abraham
42%
Anybody
42%
for
42%
just
42%
saw
42%
around
33%
die
33%
Dion
33%
good
33%
lot
33%
over
33%
people
33%
seems
33%
where's
33%
day
25%
Didn't
25%
freed
25%
gonna
25%
looked
25%
some
25%
Some
25%
thought
25%
try
25%
walkin
25%
With
25%
young
25%
hill
17%
soon
17%
things
17%
up
17%
find
8%
stood
8%
No matching quizzes found
Score Distribution
Percent of People with Each Score
Percentile by Number Answered
Your Score History
You have not taken this quiz